| Tag |
First Indicator |
Second Indicator |
Subfields |
| LEADER |
00000cam a2200000 4500 |
| 001 |
in00000338917 |
| 005 |
20151011052913.0 |
| 008 |
720714s1968 gw b 00100 ger |
| 010 |
|
|
|a 77442606
|
| 035 |
|
|
|a (OCoLC)00355877
|
| 035 |
|
|
|9 ABL5410AM
|
| 040 |
|
|
|c OUN
|d TXA
|d UtOrBLW
|
| 049 |
|
|
|a TXAM
|c [1433630]
|
| 050 |
0 |
0 |
|a PT63.G3
|b W8
|
| 100 |
1 |
|
|a Wuttke, Dieter.
|
| 245 |
1 |
0 |
|a Deutsche Germanistik und Renaissance-Forschung ;
|b ein Vortrag zur Forschungslage.
|
| 264 |
|
1 |
|a Bad Homburg v. d. H. :
|b Verlag Gehlen,
|c [1968]
|
| 300 |
|
|
|a 46 pages ;
|c 22 cm.
|
| 336 |
|
|
|a text
|b txt
|2 rdacontent
|
| 337 |
|
|
|a unmediated
|b n
|2 rdamedia
|
| 338 |
|
|
|a volume
|b nc
|2 rdacarrier
|
| 490 |
1 |
|
|a Respublica literaria,
|v Bd. 3
|
| 500 |
|
|
|a Lecture delivered in Bochum at a meeting of the Vereinigung der Deutschen Hochschulgermanisten on Oct. 12, 1967.
|
| 504 |
|
|
|a Bibliographical footnotes.
|
| 650 |
|
0 |
|a German literature
|y Early modern, 1500-1700
|x Study and teaching.
|
| 830 |
|
0 |
|a Respublica literaria ;
|v Bd. 3.
|
| 999 |
|
|
|a MARS
|
| 999 |
f |
f |
|s 0e6f65ab-3bda-38b9-93e2-caf5eae2c6c0
|i 6c181efc-c84e-3047-856c-11cd9db8c697
|t 0
|
| 952 |
f |
f |
|p normal
|a Texas A&M University
|b College Station
|c Sterling C. Evans Library
|d Evans: Library Stacks
|t 0
|e PT63.G3 W8
|h Library of Congress classification
|i unmediated -- volume
|m A14804136088
|
| 998 |
f |
f |
|a PT63.G3 W8
|t 0
|l Evans: Library Stacks
|